[Event "Pombal op 11th"]
[Site "Pombal"]
[Date "2020.10.04"]
[Round "5"]
[White "Areal, Maria Beatriz Moura"]
[Black "Gori, Andrea"]
[Result "0-1"]
[WhiteElo "1261"]
[BlackElo "1953"]
[PlyCount "64"]
[EventDate "2020.10.02"]
[EventType "swiss"]
[EventRounds "7"]
[EventCountry "POR"]
[SourceTitle "CBM 198 Extra"]
[Source "ChessBase"]
[SourceDate "2020.11.30"]
[SourceVersion "1"]
[SourceVersionDate "2020.11.30"]
[SourceQuality "1"]

1. e4 e5 2. Nf3 Nc6 3. d4 exd4 4. Bc4 Bc5 5. 0-0 d6 6. Ng5 Ne5 7. Bb3 Nh6 8. Nf3 Bg4 9. Nbd2 Qf6 10. Qe2 c6 11. Re1 Ng8 12. a3 Ne7 13. Ba2 N7g6 14. b4 Bb6 15. Bb2 Nh4 16. Qf1 Bxf3 17. Nxf3 Nhxf3+ 18. gxf3 Nxf3+ 19. Kh1 Nxe1 20. Qxe1 0-0 21. Qe2 Rfe8 22. f3 d5 23. Re1 Rad8 24. Qg2 Re5 25. Re2 Rg5 26. Qf1 dxe4 27. Rxe4 Re5 28. Rg4 h5 29. Rg3 Rde8 30. Kg2 Re2+ 31. Kg1 Rxc2 32. Qb1 Ree2 0-1

[Event "Pombal op 11th"]
[Site "Pombal"]
[Date "2020.10.04"]
[Round "4"]
[White "Gori, Andrea"]
[Black "Dias, Paulo Jorge Guimara"]
[Result "0-1"]
[WhiteElo "1953"]
[BlackElo "2338"]
[PlyCount "70"]
[EventDate "2020.10.02"]
[EventType "swiss"]
[EventRounds "7"]
[EventCountry "POR"]
[SourceTitle "CBM 198 Extra"]
[Source "ChessBase"]
[SourceDate "2020.11.30"]
[SourceVersion "1"]
[SourceVersionDate "2020.11.30"]
[SourceQuality "1"]

1. e4 e6 2. d3 d5 3. Nd2 c5 4. Ngf3 Nc6 5. g3 Bd6 6. Bg2 Nge7 7. 0-0 0-0 8. Re1 f6 9. h4 Qc7 10. Nf1 d4 11. Qe2 e5 12. N1h2 Be6 13. h5 b5 14. a4 c4 15. axb5 Nb4 16. Rf1 Rab8 17. Ne1 Rxb5 18. f4 cxd3 19. cxd3 Na2 20. fxe5 Nxc1 21. Qd1 Bxe5 22. Rxc1 Qd6 23. h6 Bxg3 24. Ng4 Rg5 25. hxg7 Kxg7 26. e5 Bxe5 27. Nxe5 Qxe5 28. Nf3 Qe3+ 29. Rf2 Rg3 30. Rc7 Rf7 31. Rxa7 Bg4 32. Kf1 h5 33. Qe2 Nf5 34. Ra1 Rxf3 35. Rxf3 Ng3+ 0-1

[Event "Pombal op 11th"]
[Site "Pombal"]
[Date "2020.10.03"]
[Round "2"]
[White "Gori, Andrea"]
[Black "Azinheira, Andre Torres"]
[Result "1/2-1/2"]
[WhiteElo "1953"]
[BlackElo "1642"]
[PlyCount "70"]
[EventDate "2020.10.02"]
[EventType "swiss"]
[EventRounds "7"]
[EventCountry "POR"]
[SourceTitle "CBM 198 Extra"]
[Source "ChessBase"]
[SourceDate "2020.11.30"]
[SourceVersion "1"]
[SourceVersionDate "2020.11.30"]
[SourceQuality "1"]

1. e4 c5 2. f4 g6 3. Nc3 Bg7 4. Nf3 d6 5. Bb5+ Bd7 6. Bxd7+ Qxd7 7. d3 e6 8. 0-0 Ne7 9. Qe1 Nbc6 10. Qf2 f5 11. Nd1 Nd4 12. c3 Nxf3+ 13. Qxf3 0-0 14. Qg3 Nc6 15. Nf2 Qf7 16. Nh3 h6 17. Be3 fxe4 18. dxe4 Na5 19. Rad1 Nc4 20. Bc1 Rad8 21. Rf3 d5 22. Rfd3 Rd7 23. Qf2 b6 24. b3 Na5 25. Qh4 Nc6 26. e5 Qf5 27. g4 Qf7 28. Kg2 Qe7 29. Qe1 Qf7 30. g5 h5 31. Ng1 Ne7 32. Nf3 Nf5 33. Nh4 Rfd8 34. h3 Bf8 35. Bb2 b5 1/2-1/2

[Event "Cesenatico op 19th"]
[Site "Cesenatico"]
[Date "2015.09.05"]
[Round "1"]
[White "Castellanos Rodriguez, Renier"]
[Black "Gori, Andrea"]
[Result "1-0"]
[WhiteElo "2480"]
[BlackElo "2051"]
[PlyCount "61"]
[EventDate "2015.09.05"]
[EventType "swiss"]
[EventRounds "9"]
[EventCountry "ITA"]
[SourceTitle "EXT 2016"]
[Source "ChessBase"]
[SourceDate "2015.10.08"]
[SourceVersion "1"]
[SourceVersionDate "2015.10.08"]
[SourceQuality "1"]

1. e4 e5 2. Nf3 Nc6 3. Bb5 a6 4. Ba4 Nf6 5. d3 Bc5 6. c3 Qe7 7. 0-0 0-0 8. Re1 b5 9. Bc2 Bb7 10. h3 d6 11. Nbd2 Rfe8 12. Nf1 Nb8 13. Ng3 Nbd7 14. Bg5 Qf8 15. Nh2 Kh8 16. Qf3 Bb6 17. Ng4 Nxg4 18. hxg4 g6 19. Rad1 Qg7 20. Qe2 h6 21. Be3 c5 22. Qd2 Kh7 23. f3 Nf6 24. Kf2 d5 25. Rh1 Ng8 26. exd5 Bxd5 27. Rh3 Be6 28. Rdh1 Qf6 29. Ne4 Qg7 30. Bxh6 Nxh6 31. Rxh6+ 1-0

[Event "Milan Cappello Memorial"]
[Site "Milan"]
[Date "2015.05.12"]
[Round "1"]
[White "Gori, Andrea"]
[Black "Spada, Maurizio"]
[Result "1-0"]
[WhiteElo "2079"]
[BlackElo "1599"]
[PlyCount "133"]
[EventDate "2015.05.12"]
[EventType "swiss"]
[EventRounds "8"]
[EventCountry "ITA"]
[SourceTitle "EXT 2017"]
[Source "ChessBase"]
[SourceDate "2016.10.25"]
[SourceVersion "1"]
[SourceVersionDate "2016.10.25"]
[SourceQuality "1"]

1. d4 d5 2. Nc3 Nf6 3. f3 Bf5 4. Bg5 h6 5. Bxf6 exf6 6. e4 Be6 7. Nge2 c6 8. Nf4 Bb4 9. a3 Ba5 10. Qd2 0-0 11. exd5 cxd5 12. Bd3 Nc6 13. Nfe2 a6 14. g4 Re8 15. h4 Bb6 16. 0-0-0 Kf8 17. Bf5 Qd6 18. Bxe6 Rxe6 19. Nf4 Ree8 20. Nce2 Na5 21. Qb4 Qxb4 22. axb4 Nc6 23. Nxd5 Rxe2 24. Nxb6 Rae8 25. c3 R8e3 26. Rhf1 Rh2 27. Rd2 Rxh4 28. Nd7+ Kg8 29. Nc5 Nd8 30. Rdf2 Re7 31. Kd2 f5 32. gxf5 Rf4 33. Re2 Rxe2+ 34. Kxe2 Rxf5 35. Ke3 h5 36. Ke4 g6 37. d5 Kg7 38. c4 Kh6 39. Nd7 h4 40. f4 h3 41. Rh1 Rh5 42. Ne5 f6 43. Ng4+ Kg7 44. Kf3 Nf7 45. Kg3 Nd6 46. b3 Ne4+ 47. Kh2 Rh4 48. Re1 f5 49. Ne5 Rxf4 50. Kxh3 g5 51. Re2 Rh4+ 52. Kg2 g4 53. Re3 g3 54. Nf3 Rh6 55. c5 Kf6 56. d6 Ke6 57. Ng5+ Kd7 58. Nxe4 fxe4 59. Rxe4 Rg6 60. Re7+ Kc8 61. Rc7+ Kb8 62. Rf7 Kc8 63. Rf8+ Kd7 64. Rb8 Kc6 65. Rc8+ Kd7 66. Rc7+ Kd8 67. Rxb7 1-0

[Event "Lesa op 2nd"]
[Site "Lesa"]
[Date "2013.09.21"]
[Round "2"]
[White "Gori, Andrea"]
[Black "Mantovan, Giuseppe"]
[Result "1/2-1/2"]
[WhiteElo "2076"]
[BlackElo "1829"]
[PlyCount "131"]
[EventDate "2013.09.20"]
[EventType "swiss"]
[EventRounds "5"]
[EventCountry "ITA"]
[SourceTitle "EXT 2015"]
[Source "ChessBase"]
[SourceDate "2014.11.20"]
[SourceVersion "1"]
[SourceVersionDate "2014.11.20"]
[SourceQuality "1"]

1. e4 e6 2. d4 d5 3. e5 c5 4. c3 Nc6 5. Nf3 Qb6 6. Be2 Nh6 7. b3 cxd4 8. Bxh6 gxh6 9. cxd4 Bb4+ 10. Kf1 Bd7 11. g3 Rc8 12. Kg2 0-0 13. Qd3 Be7 14. a3 f6 15. Rf1 Be8 16. Nbd2 Bg6 17. Qe3 fxe5 18. Qxh6 Nxd4 19. Nxe5 Nf5 20. Qh3 Qd8 21. Nxg6 hxg6 22. Qg4 Qe8 23. Nf3 Bf6 24. Rac1 Qf7 25. Bd3 Kg7 26. Bxf5 exf5 27. Qf4 Qe7 28. Rfe1 Qxa3 29. h4 Rxc1 30. Rxc1 Rf7 31. Rc8 Qe7 32. Qb8 Rf8 33. Rxf8 Qxf8 34. Qxb7+ Qf7 35. Qa6 d4 36. b4 Qd7 37. Qd3 Qd5 38. b5 Kf7 39. Qa3 Qd7 40. Qa2+ Kg7 41. Ng5 Bxg5 42. hxg5 d3 43. Qa1+ Kh7 44. Qh1+ Kg7 45. Qb1 Qd5+ 46. f3 Kf7 47. Qa1 d2 48. Qxa7+ Ke6 49. Qe3+ Kf7 50. Qa7+ Ke8 51. Qb8+ Kd7 52. Qa7+ Ke6 53. Qe3+ Kf7 54. Qa7+ Kg8 55. Qb8+ Kg7 56. Qc7+ Kf8 57. Qc8+ Ke7 58. Qc7+ Qd7 59. Qe5+ Kf7 60. Qf6+ Ke8 61. Qxg6+ Kd8 62. Qb6+ Kc8 63. Qa6+ Kd8 64. Qb6+ Kc8 65. Qa6+ Kd8 66. Qb6+ 1/2-1/2

[Event "Cesenatico op 17th"]
[Site "Cesenatico"]
[Date "2013.09.05"]
[Round "6"]
[White "Gori, Andrea"]
[Black "Calavalle, Giulio"]
[Result "1/2-1/2"]
[WhiteElo "2076"]
[BlackElo "2205"]
[PlyCount "121"]
[EventDate "2013.08.31"]
[EventType "swiss"]
[EventRounds "9"]
[EventCountry "ITA"]
[SourceTitle "CBM 156 Extra"]
[Source "ChessBase"]
[SourceDate "2013.10.22"]
[SourceVersion "1"]
[SourceVersionDate "2013.10.22"]
[SourceQuality "1"]

1. e4 c5 2. f4 d6 3. Nf3 g6 4. Nc3 Bg7 5. Bb5+ Bd7 6. 0-0 Bxb5 7. Nxb5 Nc6 8. c4 Nh6 9. Ng5 a6 10. Nc3 Nd4 11. d3 e6 12. Ne2 Qd7 13. Rb1 f6 14. Nxd4 cxd4 15. Nf3 f5 16. Qe2 0-0 17. e5 Nf7 18. exd6 Qxd6 19. Re1 Rae8 20. Ne5 Nd8 21. b4 b5 22. a4 bxa4 23. b5 axb5 24. Qa2 b4 25. Qxa4 Bxe5 26. fxe5 Qc6 27. Qxb4 f4 28. Re4 f3 29. Bg5 Rf7 30. Bxd8 Rxd8 31. Qb6 Qa8 32. g3 f2+ 33. Kf1 Rdf8 34. Qxd4 Rd8 35. Qe3 Qa4 36. d4 Qxc4+ 37. Qe2 Qc6 38. Rd1 Qd5 39. h4 Ra8 40. Rf4 Ra2 41. Qe4 Qxe4 42. Rxe4 Rf3 43. Rg4 Kg7 44. h5 Kh6 45. hxg6 hxg6 46. Rf4 Rxg3 47. Rxf2 Rxf2+ 48. Kxf2 Ra3 49. d5 exd5 50. Rxd5 Kg5 51. Rd2 Ra6 52. Rd6 Ra5 53. e6 Re5 54. Kf3 Kf5 55. Ra6 g5 56. Rb6 g4+ 57. Kg3 Kg5 58. Ra6 Re3+ 59. Kf2 Re4 60. Kg3 Re5 61. Rb6 1/2-1/2

[Event "Milan Crespi op-B 33rd"]
[Site "Milan"]
[Date "2012.12.08"]
[Round "9"]
[White "Iturbide Arnedo, Oscar"]
[Black "Gori, Andrea"]
[Result "1/2-1/2"]
[WhiteElo "2132"]
[BlackElo "2095"]
[PlyCount "149"]
[EventDate "2012.12.01"]
[EventType "swiss"]
[EventRounds "9"]
[EventCountry "ITA"]
[SourceTitle "EXT 2014"]
[Source "ChessBase"]
[SourceDate "2013.11.20"]
[SourceVersion "1"]
[SourceVersionDate "2013.11.20"]
[SourceQuality "1"]

1. d4 Nf6 2. Bg5 Ne4 3. Bf4 d5 4. f3 Nd6 5. Nc3 e6 6. e4 c6 7. Bd3 b6 8. Qe2 Be7 9. Nh3 a5 10. 0-0 Ba6 11. Nf2 0-0 12. Rfe1 Bg5 13. Bxg5 Qxg5 14. exd5 exd5 15. Qe5 Qxe5 16. dxe5 Nc4 17. b3 Na3 18. Rac1 Bc8 19. Nb1 Nxb1 20. Rxb1 Na6 21. c3 Nc5 22. Bc2 Ne6 23. g3 c5 24. f4 Re8 25. h4 Bb7 26. Rbd1 Rad8 27. Bd3 d4 28. c4 Re7 29. Be4 Ra8 30. a4 Bxe4 31. Nxe4 Nc7 32. Nf2 Rae8 33. Ne4 Rd8 34. Kf2 Na6 35. Rd2 Nb4 36. Kf3 Kf8 37. Red1 h5 38. Rg1 Re6 39. Ng5 Re7 40. Ne4 Re6 41. g4 hxg4+ 42. Rxg4 Rh6 43. Rdg2 Rh7 44. Ng5 Rh6 45. Ne4 Rh7 46. Ng5 Rh6 47. Ne4 g6 48. Nf6 d3 49. Rd2 Nc2 50. Nd5 Nd4+ 51. Ke4 Nxb3 52. Rxd3 Nd4 53. Nxb6 g5 54. Nd5 f5+ 55. exf6 Re8+ 56. Ne7 Rxf6 57. Rxg5 Rxe7+ 58. Re5 Rxe5+ 59. fxe5 Rh6 60. Kd5 Ne6 61. Rf3+ Ke7 62. Rf6 Nc7+ 63. Kc6 Rxh4 64. Kxc7 Rxc4 65. Rc6 Rxa4 66. Rxc5 Ra1 67. Kb6 a4 68. Ka5 Ke6 69. Rc4 a3 70. Ka4 Kxe5 71. Rc3 a2 72. Ka3 Kd4 73. Rc2 Kd3 74. Rxa2 Rxa2+ 75. Kxa2 1/2-1/2

[Event "Milan Crespi op-B 33rd"]
[Site "Milan"]
[Date "2012.12.06"]
[Round "7"]
[White "Massironi, Marco"]
[Black "Gori, Andrea"]
[Result "1/2-1/2"]
[WhiteElo "2214"]
[BlackElo "2095"]
[PlyCount "89"]
[EventDate "2012.12.01"]
[EventType "swiss"]
[EventRounds "9"]
[EventCountry "ITA"]
[SourceTitle "EXT 2014"]
[Source "ChessBase"]
[SourceDate "2013.11.20"]
[SourceVersion "1"]
[SourceVersionDate "2013.11.20"]
[SourceQuality "1"]

1. e4 e5 2. d4 exd4 3. Qxd4 Nc6 4. Qe3 g6 5. Nc3 Bg7 6. Bd2 Nge7 7. 0-0-0 d6 8. Nd5 0-0 9. h4 Nxd5 10. exd5 Ne7 11. h5 Nxd5 12. Qg3 Qf6 13. c3 Nb6 14. Bg5 Qe6 15. Qh4 Qxa2 16. hxg6 Qa1+ 17. Kc2 Bf5+ 18. Bd3 Bxd3+ 19. Rxd3 Qa4+ 20. Qxa4 Nxa4 21. gxh7+ Kh8 22. Ne2 Rae8 23. Ng3 Nc5 24. Rf3 Ne4 25. Nxe4 Rxe4 26. Kd3 Re5 27. Be3 a6 28. Rg3 Re6 29. f4 Rg6 30. Rg5 Rh6 31. Rxh6 Bxh6 32. Rh5 Bg7 33. g4 c5 34. g5 b5 35. f5 Re8 36. Bf4 Be5 37. Bd2 a5 38. g6 fxg6 39. fxg6 a4 40. Rf5 Kg7 41. Rg5 Ra8 42. Rg1 Re8 43. Rg5 Ra8 44. Rg1 Re8 45. Rg5 1/2-1/2

[Event "Milan Crespi op-A 32nd"]
[Site "Milan"]
[Date "2011.12.06"]
[Round "4"]
[White "Martinez, Rolly"]
[Black "Gori, Andrea"]
[Result "1-0"]
[WhiteElo "2420"]
[BlackElo "2087"]
[PlyCount "27"]
[EventDate "2011.12.03"]
[EventType "swiss"]
[EventRounds "9"]
[EventCountry "ITA"]
[SourceTitle "CBM 145 Extra"]
[Source "ChessBase"]
[SourceDate "2012.01.03"]
[SourceVersion "1"]
[SourceVersionDate "2012.01.03"]
[SourceQuality "1"]

1. e4 d5 2. exd5 Qxd5 3. Nc3 Qa5 4. d4 c6 5. Nf3 Nf6 6. Bc4 Nd5 7. Bd2 Qd8 8. Ne5 e6 9. Qh5 Qc7 10. Ne4 g6 11. Qf3 Bg7 12. Nd6+ Qxd6 13. Qxf7+ Kd8 14. Qxg7 1-0

[Event "Milan Crespi op-A 32nd"]
[Site "Milan"]
[Date "2011.12.05"]
[Round "3"]
[White "Gori, Andrea"]
[Black "Bonanno, Alessandro"]
[Result "1-0"]
[WhiteElo "2087"]
[BlackElo "2132"]
[PlyCount "109"]
[EventDate "2011.12.03"]
[EventType "swiss"]
[EventRounds "9"]
[EventCountry "ITA"]
[SourceTitle "EXT 2022"]
[Source "ChessBase"]
[SourceDate "2021.10.06"]
[SourceVersion "1"]
[SourceVersionDate "2021.10.06"]
[SourceQuality "1"]

1. e4 d5 2. exd5 Qxd5 3. Nf3 Nf6 4. d4 a6 5. Be2 Bg4 6. 0-0 e6 7. Be3 Be7 8. Nbd2 0-0 9. h3 Bh5 10. c4 Qd6 11. c5 Qd8 12. Qb3 Qc8 13. g4 Bg6 14. Ne5 Nbd7 15. Bf3 Rb8 16. h4 Nxe5 17. dxe5 Nd5 18. h5 Nxe3 19. Qxe3 Bc2 20. Rac1 Ba4 21. b3 Bb5 22. Rfe1 h6 23. a4 Bd7 24. Rc4 Qe8 25. Ne4 Bc6 26. Bd1 Bd5 27. Rc3 f5 28. exf6 Bxf6 29. Nxf6+ Rxf6 30. Bc2 Rf3 31. Qd4 Qc6 32. Rxf3 Bxf3 33. Qd3 Bh1 34. Qh7+ Kf8 35. Be4 Bxe4 36. Rxe4 Rd8 37. Qh8+ Ke7 38. Qxg7+ Ke8 39. Qg6+ Ke7 40. Qh7+ Ke8 41. Qg6+ Ke7 42. g5 Rd5 43. Qf6+ Kd7 44. Rd4 hxg5 45. h6 Qxc5 46. Qf7+ Kd8 47. Qf6+ Kd7 48. Rxd5+ Qxd5 49. Qf7+ Kc6 50. h7 Qd1+ 51. Kh2 Qd6+ 52. Kg2 Qe5 53. Qf8 g4 54. h8Q Qe4+ 55. Kh2 1-0

[Event "Milan Crespi op-A 32nd"]
[Site "Milan"]
[Date "2011.12.03"]
[Round "1"]
[White "Colovic, Aleksandar"]
[Black "Gori, Andrea"]
[Result "1-0"]
[WhiteElo "2451"]
[BlackElo "2087"]
[PlyCount "79"]
[EventDate "2011.12.03"]
[EventType "swiss"]
[EventRounds "9"]
[EventCountry "ITA"]
[SourceTitle "CBM 145 Extra"]
[Source "ChessBase"]
[SourceDate "2012.01.03"]
[SourceVersion "1"]
[SourceVersionDate "2012.01.03"]
[SourceQuality "1"]

1. d4 Nf6 2. c4 e6 3. Nc3 Bb4 4. Nf3 0-0 5. Bg5 h6 6. Bh4 g5 7. Bg3 Ne4 8. Qc2 f5 9. e3 b6 10. Bd3 Bb7 11. d5 exd5 12. 0-0-0 Bxc3 13. bxc3 Qe7 14. Kb2 d6 15. cxd5 Bxd5 16. Nd4 Nc6 17. Nxc6 Bxc6 18. f3 Nc5 19. h4 Ba4 20. Bc4+ Kg7 21. Bb3 Bc6 22. hxg5 hxg5 23. Bf2 Nxb3 24. axb3 Qe6 25. e4 Kg6 26. Bd4 fxe4 27. Rh3 Bd7 28. Rdh1 Kf7 29. Rh6 Qf5 30. fxe4 Qf4 31. Rf6+ Qxf6 32. Bxf6 Kxf6 33. e5+ dxe5 34. Qh7 e4 35. Qxd7 Rae8 36. g4 Ke5 37. Qxc7+ Kd5 38. Rd1+ Ke6 39. Rd6+ Ke5 40. Rg6+ 1-0

[Event "Milan Befana op"]
[Site "Milan"]
[Date "2011.01.02"]
[Round "1"]
[White "Gori, Andrea"]
[Black "Arboscelli, Gregorio"]
[Result "1-0"]
[WhiteElo "2099"]
[BlackElo "1906"]
[PlyCount "53"]
[EventDate "2011.01.02"]
[EventType "swiss"]
[EventRounds "6"]
[EventCountry "ITA"]
[SourceTitle "EXT 2012"]
[Source "ChessBase"]
[SourceDate "2011.11.24"]
[SourceVersion "1"]
[SourceVersionDate "2011.11.24"]
[SourceQuality "1"]

1. e4 c5 2. Nf3 d6 3. d4 cxd4 4. Nxd4 Nf6 5. f3 Nc6 6. c4 g6 7. Be3 Bg7 8. Qd2 0-0 9. Nc3 Bd7 10. Be2 Nxd4 11. Bxd4 Bc6 12. g4 b6 13. h4 e6 14. 0-0-0 d5 15. g5 Nh5 16. cxd5 exd5 17. Bxg7 Kxg7 18. exd5 Bd7 19. Qd4+ Kg8 20. Rhe1 Rc8 21. Ba6 Rc5 22. b4 Rxc3+ 23. Qxc3 Qb8 24. Qe5 Qd8 25. Qd6 Re8 26. Bb7 Ng7 27. Bc6 1-0

[Event "Milan Crespi op-A 31st"]
[Site "Milan"]
[Date "2010.12.04"]
[Round "1"]
[White "Gori, Andrea"]
[Black "Manca, Federico"]
[Result "0-1"]
[WhiteElo "2116"]
[BlackElo "2405"]
[PlyCount "68"]
[EventDate "2010.12.04"]
[EventType "swiss"]
[EventRounds "9"]
[EventCountry "ITA"]
[SourceTitle "CBM 139 Extra"]
[Source "ChessBase"]
[SourceDate "2011.01.05"]
[SourceVersion "1"]
[SourceVersionDate "2011.01.05"]
[SourceQuality "1"]

1. e4 e5 2. Nf3 Nc6 3. Bb5 a6 4. Ba4 Nf6 5. 0-0 Be7 6. Re1 b5 7. Bb3 d6 8. c3 0-0 9. h3 Na5 10. Bc2 c5 11. d4 Qc7 12. Nbd2 Bd7 13. d5 c4 14. Nf1 Nb7 15. g4 h5 16. g5 Nh7 17. h4 g6 18. Ne3 f6 19. gxf6 Rxf6 20. Ng5 Nxg5 21. hxg5 Rf4 22. Ng2 Bg4 23. Qd2 Bxg5 24. Nxf4 Bxf4 25. Re3 Rf8 26. Qe1 Qd7 27. a4 Nc5 28. axb5 axb5 29. Rg3 Bxg3 30. fxg3 Bh3 31. Kh2 Bf1 32. g4 Qxg4 33. Qg3 Qxg3+ 34. Kxg3 Bd3 0-1